000 00332 a2200133 4500
001 90375
082 _a891.4391 WAS
090 _c42695
_d42695
100 _aWasi Shah
245 _aTeri Mohabbat, Mera Asasa
_cWasi Shah
_hUrdu
260 _aLahore
_bJasim Publications
_c2013
300 _a247p.
500 _aGeneral Collection
942 _aCAE NUST
_k891.4391 WAS
999 _c325448
_d325448